Economic and social dimensions of Indian competition law jurisprudence (Record no. 297850)

MARC details
000 -LEADER
fixed length control field 00404nam a22001457a 4500
005 - DATE AND TIME OF LATEST TRANSACTION
control field 20250127142130.0
008 - FIXED-LENGTH DATA ELEMENTS--GENERAL INFORMATION
fixed length control field 250127b |||||||| |||| 00| 0 eng d
020 ## - INTERNATIONAL STANDARD BOOK NUMBER
International Standard Book Number 9789386374837
082 ## - DEWEY DECIMAL CLASSIFICATION NUMBER
Classification number 343.08
Item number NAI
100 ## - MAIN ENTRY--PERSONAL NAME
Personal name Naik, S A.
245 ## - TITLE STATEMENT
Title Economic and social dimensions of Indian competition law jurisprudence
260 ## - PUBLICATION, DISTRIBUTION, ETC. (IMPRINT)
Place of publication, distribution, etc. Gurgaon
Name of publisher, distributor, etc. Thomson Reuters
Date of publication, distribution, etc. 2019
300 ## - PHYSICAL DESCRIPTION
Extent liii, 1040
942 ## - ADDED ENTRY ELEMENTS (KOHA)
Koha item type Law Books
Holdings
Date last seen Total Checkouts Full call number Accession number Copy number Cost, replacement price Price effective from Category Lost status Source of classification or shelving scheme Damaged status Department Withdrawn status bill no. bill date Permanent Location Current Location Shelving location Entry date Vendor Cost, normal purchase price Grants Currency symbol Conversion rate Discount Discount type
27/01/2025   343.08 NAI;1 R LL3845 1 1292.00 27/01/2025 Law Books   Dewey Decimal Classification   LAW   1319 06/01/2025 Law Library Law Library Law Library 27/01/2025 MPP House 1700.00 LAW 1 24 %

© For any Suggestions or Query, please contact the library staff @ librarian@pes.edu or Phone: +9180 2672 1983/ 2108.